Humo de segunda mano : lo que significa para usted

Guardado en:
Formato: Libro
Publicado: Estados Unidos de América
Materias:
Etiquetas: Agregar Etiqueta
Sin Etiquetas, Sea el primero en etiquetar este registro!
LEADER 00660nam a22001575a 4500
001 CEM.cems012672
005 20070816165743.0
008 130507b######################000#0#####d
003 CEMS
082 0 4 |a F616.86 
245 0 0 |a Humo de segunda mano :  |b lo que significa para usted 
260 |a Estados Unidos de América 
505 0 |a Las consecuencias a la salud debido a la exposición involuntaria al humo del tabaco. Un informe del Director Nacional de Salud de los Estados Unidos. 
653 |a Tabaquismo - educación para la salud 
859 |a CEMS  |b BIB. CEMS - 11 de abril  |h F616.86  |i 3-10  |p 2146.44  |t Ej.1 
859 |a CEMS  |b BIB. CEMS - 11 de abril  |h F616.86  |i 3-10  |p 2147.44  |t Ej.2